000 00969cab a2200205 4500
001 L135965
008 061220n2006 000 0 eng u
035 _a(Sirsi) u135965
041 0 _aeng
100 1 _aBooty, Frank
245 0 0 _aDeveloping the skills to succeed in FM
260 _c2006
490 0 _aFacilities Management
_v14(3) December 2006, 20-21(2)
520 _aDiscusses the need for the establishment of formal qualifications for meeting employers' requirements in facilities management. Companies face the problem that there is no single set of skills that facilities managers are currently required to have. Even the most experienced managers are under pressure to keep up to date with new legislation, and with the drive towards improved corporate governance and social responsibility.
590 _aKA
651 4 _aUnited Kingdom
_y
690 _aMANAGEMENT-FACILITIES MANAGEMENT
690 _aCAREERS, EDUCATION AND TRAINING
942 _n0
999 _c78084
_d78084